<?xml version="1.0" encoding="UTF-8"?>
<record
    xmlns:xsi="http://www.w3.org/2001/XMLSchema-instance"
    xsi:schemaLocation="http://www.loc.gov/MARC21/slim http://www.loc.gov/standards/marcxml/schema/MARC21slim.xsd"
    xmlns="http://www.loc.gov/MARC21/slim">

  <leader>00778nam a22002177a 4500</leader>
  <controlfield tag="005">20240216122648.0</controlfield>
  <controlfield tag="008">090826t        xxu||||| |||| 00| 0 eng d</controlfield>
  <datafield tag="010" ind1=" " ind2=" ">
    <subfield code="a">ENG-139322</subfield>
  </datafield>
  <datafield tag="020" ind1=" " ind2=" ">
    <subfield code="a">9789383243280</subfield>
    <subfield code="c">2800.00</subfield>
  </datafield>
  <datafield tag="035" ind1=" " ind2=" ">
    <subfield code="a"> EN-122854</subfield>
  </datafield>
  <datafield tag="082" ind1=" " ind2=" ">
    <subfield code="a">700.954</subfield>
  </datafield>
  <datafield tag="100" ind1=" " ind2=" ">
    <subfield code="a">P. Ahuja Naman and Belfrage Louise</subfield>
    <subfield code="9">36944</subfield>
  </datafield>
  <datafield tag="245" ind1=" " ind2=" ">
    <subfield code="a">A MEDIATED MAGIC; THE INDIAN PRESENCE IN MODERNISM 1880-1930</subfield>
    <subfield code="c">Naman P. Ahuja Belfrage</subfield>
  </datafield>
  <datafield tag="260" ind1=" " ind2=" ">
    <subfield code="a">Mumbai</subfield>
    <subfield code="b">The Marg Fundation</subfield>
    <subfield code="c">2019</subfield>
  </datafield>
  <datafield tag="270" ind1=" " ind2=" ">
    <subfield code="a">148,M.G. Road, </subfield>
    <subfield code="b">Mumbai </subfield>
    <subfield code="e">400001</subfield>
  </datafield>
  <datafield tag="300" ind1=" " ind2=" ">
    <subfield code="a">184p.;                                                                 </subfield>
    <subfield code="c">32cm</subfield>
    <subfield code="b">col. photos</subfield>
  </datafield>
  <datafield tag="700" ind1=" " ind2=" ">
    <subfield code="a">P. Ahuja Naman</subfield>
    <subfield code="9">62213</subfield>
  </datafield>
  <datafield tag="700" ind1=" " ind2=" ">
    <subfield code="a">Belfrage Louise</subfield>
    <subfield code="9">62214</subfield>
  </datafield>
  <datafield tag="942" ind1=" " ind2=" ">
    <subfield code="2">ddc</subfield>
    <subfield code="c">EN</subfield>
    <subfield code="h">700.954</subfield>
    <subfield code="m">AHU</subfield>
  </datafield>
  <datafield tag="999" ind1=" " ind2=" ">
    <subfield code="c">200851</subfield>
    <subfield code="d">200851</subfield>
  </datafield>
  <datafield tag="952" ind1=" " ind2=" ">
    <subfield code="0">0</subfield>
    <subfield code="1">0</subfield>
    <subfield code="2">ddc</subfield>
    <subfield code="4">0</subfield>
    <subfield code="7">1</subfield>
    <subfield code="8">REF</subfield>
    <subfield code="a">ZLS</subfield>
    <subfield code="b">ZLS</subfield>
    <subfield code="d">2024-02-16</subfield>
    <subfield code="e">DBAD/PUB</subfield>
    <subfield code="g">2800.00</subfield>
    <subfield code="l">0</subfield>
    <subfield code="o">700.954 AHU</subfield>
    <subfield code="p">EN-122854</subfield>
    <subfield code="r">2024-02-16 00:00:00</subfield>
    <subfield code="t">1</subfield>
    <subfield code="v">2800.00</subfield>
    <subfield code="w">2024-02-16</subfield>
    <subfield code="y">EN</subfield>
  </datafield>
</record>
